The national internal revenue code of the philippines / (Record no. 362865)
[ view plain ]
| 000 -LEADER | |
|---|---|
| fixed length control field | 00446nam a2200133Ia 4500 |
| 008 - FIXED-LENGTH DATA ELEMENTS--GENERAL INFORMATION | |
| fixed length control field | 191209s9999 xx 000 0 und d |
| 020 ## - INTERNATIONAL STANDARD BOOK NUMBER | |
| International Standard Book Number | 971-23-3399-x |
| 100 ## - MAIN ENTRY--PERSONAL NAME | |
| Personal name | Salao, Ernest |
| 245 ## - TITLE STATEMENT | |
| Statement of responsibility, etc | Ernest Salao.-- |
| Title | The national internal revenue code of the philippines / |
| 260 ## - PUBLICATION, DISTRIBUTION, ETC. (IMPRINT) | |
| Place of publication, distribution, etc | Quezon City |
| Name of publisher, distributor, etc | Rex Book Store Inc. |
| Date of publication, distribution, etc | 2002 |
| 300 ## - PHYSICAL DESCRIPTION | |
| Extent | 546 pages : |
| Dimensions | 15.5 cm. |
| 650 ## - SUBJECT ADDED ENTRY--TOPICAL TERM | |
| Topical term or geographic name as entry element | Internal reveniue law -- |
| 650 ## - SUBJECT ADDED ENTRY--TOPICAL TERM | |
| Topical term or geographic name as entry element | Law and legislation -- Philippines. |
| Withdrawn status | Lost status | Source of classification or shelving scheme | Damaged status | Home library | Current library | Shelving location | Date acquired | Source of acquisition | Total Checkouts | Full call number | Barcode | Date last seen | Price effective from | Koha item type |
|---|---|---|---|---|---|---|---|---|---|---|---|---|---|---|
| Library of Congress Classification | Southville International School Affiliated with Foreign Universities Library | Southville International School Affiliated with Foreign Universities Library | Southville Foreign University Section | 12/09/2019 | Donation | KPM 2784.31997 .N277 2002 | SFU0473 | 12/09/2019 | 12/09/2019 | Books |